000 01417nam a2200337Ia 4500
008 130821s2010 ck ao gr mul
020 _a978 958 97378 4 2
040 _aCo-BoUCM
_bspa
041 0 0 _amul
245 0 0 _aViaje por Colombia = a journey through Colombia = un voyage á travers la Colombie
_cdirección editorial Consuelo Mendoza, Sylvia Jaramillo, Emiro Aristizábal ; dirección de arte Laura de Gamboa ; traducciones Michael Sparrow ; fotografías de Ge
250 _a2a ed.
260 _aBogotá (Colombia)
_bSomos Editores
_c2010
300 _a135 páginas
_bilustraciones, fotografías color
500 _aIncluye índice.
650 _aFauna
_zColombia
_915604
650 _aFlora
_zColombia
_915976
650 _aGeografía
_916335
651 _aColombia
_xDescripciones y viajes
_978436
700 1 _aAristizábal, Emiro
_edir.
_9144222
700 1 _aCano, Fernando Busquets
_efotógrafo
_9169342
700 1 _aGamboa, Laura de
_edir.
_9169343
700 1 _aJaramillo, Sylvia
_edir
_9144224
700 1 _aJordán, Olga Lucia
_efotógrafo
_9169344
700 1 _aMatiz, Armando
_efotógrafo
_9169345
700 1 _aMendoza, Consuelo
_edir.
_9144225
700 1 _aMoncada, Rodrigo
_efotógrafo
_9169346
700 1 _aMontes, Germán
_efotógrafo
_9159275
700 1 _aSparrow, Michael
_etrad.
_9169347
942 _cLIBRO
_a2
_e2
_mV598
_2DEWEY
_h918.04861
999 _c75928
_d75928